| 000 | 00676nam a2200229Ia 4500 | ||
|---|---|---|---|
| 003 | OSt | ||
| 005 | 20221007072805.0 | ||
| 006 | a|||||r|||| 00| 0 | ||
| 007 | ta | ||
| 008 | 221006b |||||||| |||| 00| 0 eng d | ||
| 024 | _a7,455 | ||
| 037 | _cReference Collections | ||
| 040 |
_aFLL _cFLL _beng |
||
| 041 |
_2eng _aeng |
||
| 082 | _aL:Za4:3111, K2 | ||
| 100 |
_aBrittain Robert P. Au. _9691362 |
||
| 245 | 0 | _aBibliography of medico-legal works in english | |
| 260 |
_aLondon _bSweet and Maxwell co, London _c1962 |
||
| 300 |
_axx,252p _ccm. |
||
| 942 |
_hL:Za4:3111, K2 _cREF _2CC |
||
| 999 |
_c1146974 _d1146974 |
||